| 000 | 01126cas a22003137a 4500 | ||
|---|---|---|---|
| 005 | 20220329142323.0 | ||
| 008 | 000621u1946 fr qr pernn 0 b1fre d | ||
| 010 | _a81664 | ||
| 011 | _a82636 | ||
| 022 | _a0010-972X | ||
| 035 | _a93135 | ||
| 245 | 0 | 0 |
_aCoton et Fibres Tropicales : _bBulletin Bibliographique _c/par Institut de Recherches du Coton et des Textiles Exotiques |
| 260 | 0 |
_aParis, Francia : _bInstitut de Recherches du Coton et des Textiles Exotiques, _c1946- |
|
| 300 | _av. | ||
| 310 | _aTrimestral | ||
| 362 | _av.21 n.1,1966 | ||
| 500 | _aSe dejó de recibir a partir del v.21 n.4 de 1966. | ||
| 590 |
_aBATCH-UPD _b10 _c20130110 _lUCH01 _h0832 |
||
| 590 |
_aBATCH-UPD _b10 _c20130410 _lUCH01 _h0510 |
||
| 590 |
_aBATCH-UPD _b10 _c20130914 _lUCH01 _h1406 |
||
| 590 |
_aCONVERSION _b10 _c20130109 _lUCH01 _h1345 |
||
| 650 | 1 | 4 |
_aAlgodon _xPublicaciones periodicas. _94052 |
| 650 | 1 | 4 |
_aFibras textiles _xPublicaciones periódicas. _940701 |
| 866 | _av.18 n.1-3 (1963) | ||
| 866 | _av.19 n.1-v.21 n.4 (1964-1966) | ||
| 866 | _av.6 n.2 (1051) | ||
| 901 | _aSE | ||
| 905 | _aLilia Sánchez G. | ||
| 999 |
_c81664 _d81664 |
||